000 01418 a2200241 4500
001 15994
005 20260407155452.0
008 260407a1975 arg spa d
003 AR-UNSa-BCEJYS
040 _aAR-UNSa-BCEJYS
_bspa
_cAR-UNSa-BCEJYS
080 _a519.2
_xProbabilidades y estadística matemática
245 1 0 _aEstadística para las ciencias administrativas
020 _a968-451-192-2
250 _a2a. ed.
264 1 _aMéxico :
_bMcGraw-Hill
_c1975
300 _aviii, 472 p.
_c23 cm.
505 _a1. Conjuntos y funciones - 2. Enumeración y probabilidades - 3. Reglas y distribuciones de probabilidades - 4. Medidas de tendencia central - 5. Medidas de dispersión - 6. Muestreo aleatorio y distribución muestral - 7. Distribuciones discretas de probabilidad - 8. La distribución normal - 9. Inferencia estadística. Estimación - 10. Inferencia estadística. Contraste de hipótesis - 11. La distribución t de Student - 12. La distribución ji-cuadrado - 13. La distribución F - 14. Regresión y correlación simples - 15. Análisis de series cronológicas - 16. Las utilidades y la teoría bayesiana de la decisión - 17. Métodos no paramétricos
942 _cBK
590 _aniveau_biblio:m niveau_hierar:0
100 1 _aChao, Lincoln L.
700 1 _aCastaño, José María
856 4 1 _uhttps://www.biblioeco.unsa.edu.ar/pmb/images/libros/15994.jpg
_yImagen de portada
_qimage/jpeg
999 _c670
_d670